Assessment of compatibility between Ultrawideband (UWB) systems and Global Positioning System (GPS) receivers (report addendum) /

Bibliographic Details
Corporate Author: United States. National Telecommunications and Information Administration
Other Authors: Anderson, David S.
Format: Government Document eBook
Language:English
Published: [Washington, DC] : U.S. Dept. of Commerce, National Telecommunications and Information Administration, [2001]
Series:NTIA special publications ; 01-47.
Subjects:
Online Access:https://purl.fdlp.gov/GPO/LPS122342

MARC

Tag First Indicator Second Indicator Subfields
LEADER 00000cam a2200000Ia 4500
001 in00002595607
005 20211202193624.0
006 m d f
007 cr mn|||||||||
008 100519s2001 dcua ob f000 0 eng d
035 |a (OCoLC)ocn620348086 
040 |a GPO  |c GPO  |d GPO  |d MvI  |d UtOrBLW 
049 |a WWW 
074 |a 0126-D-03 (online) 
086 0 |a C 60.9:01-47 
245 0 0 |a Assessment of compatibility between Ultrawideband (UWB) systems and Global Positioning System (GPS) receivers (report addendum) /  |c David S. Anderson [and others]. 
264 1 |a [Washington, DC] :  |b U.S. Dept. of Commerce, National Telecommunications and Information Administration,  |c [2001] 
300 |a 1 online resource (176 pages) :  |b illustrations 
336 |a text  |b txt  |2 rdacontent 
337 |a computer  |b c  |2 rdamedia 
338 |a online resource  |b cr  |2 rdacarrier 
490 1 |a NTIA special publication ;  |v 01-47 
500 |a Title from PDF title screen (viewed May 19, 2010). 
500 |a "November 2001." 
504 |a Includes bibliographical references. 
500 |a Electronic resource. 
650 0 |a Ultra-wideband devices  |x Analysis. 
650 0 |a Global Positioning System  |x Analysis. 
650 0 |a Telecommunication policy  |z United States. 
650 0 |a Telecommunication  |x Law and legislation  |z United States. 
700 1 |a Anderson, David S. 
710 1 |a United States.  |b National Telecommunications and Information Administration. 
830 0 |a NTIA special publications ;  |v 01-47. 
856 4 0 |u https://purl.fdlp.gov/GPO/LPS122342  |t 0 
999 |a MARS 
999 f f |s 1f9166b8-8e18-3d4c-aa3d-73eb621398cb  |i a6049c74-8da2-39af-90eb-4cfd6b3fad37  |t 0 
952 f f |a Texas A&M University  |b College Station  |c Electronic Resources  |d Available Online  |t 0  |e C 60.9:01-47  |h Superintendent of Documents classification 
998 f f |a C 60.9:01-47  |t 0  |l Available Online